000 00399nam a22001577a 4500
020 _a0673154254
082 _a808.042 COR
100 _aCorder, Jim. W
245 _aHandbook of current english
250 _asixth edition
260 _aLondon
_bScott, Foresman and company
_c1981
300 _axix
_bill.,20cm
500 _ainclude glossary and index
650 _aenglish language
942 _cBK
999 _c18508
_d18508